Development of sustainable agricultural system in Northeast Thailand through local resource utilization and technology improvement

Na minha lista:
Detalhes bibliográficos
Formato: Livro
Idioma:Undetermined
Publicado em: Japan JIRCAS 2002
Assuntos:
Tags: Adicionar Tag
Sem tags, seja o primeiro a adicionar uma tag!
Thư viện lưu trữ: Trung tâm Học liệu Trường Đại học Cần Thơ
LEADER 00551nam a2200157Ia 4500
001 CTU_55833
008 210402s9999 xx 000 0 und d
082 |a 338.1 
082 |b D489 
245 0 |a Development of sustainable agricultural system in Northeast Thailand through local resource utilization and technology improvement 
260 |a Japan 
260 |b JIRCAS 
260 |c 2002 
650 |a agrosystems,cropping systems,agriculture,farming systems 
650 |x environmental aspects 
980 |a Trung tâm Học liệu Trường Đại học Cần Thơ